Normal view
MARC view
- QS-9000 TOOLING AND EQUIPMENT CERTIFICATION.QS-9000(STANDARD). INDUSTRIAL EQUIPMENT-CERTIFICATION. MACHINE TOOLS-DESIGN AND CONSTRUCTION.
Entry Topical Term
001 - CONTROL NUMBER
- control field: 64038
003 - CONTROL NUMBER IDENTIFIER
- control field: NUST
005 - DATE AND TIME OF LATEST TRANSACTION
- control field: 20210628203220.0
008 - FIXED-LENGTH DATA ELEMENTS
- fixed length control field: 210628|| aca||aabn | a|a d
040 ## - CATALOGING SOURCE
- Original cataloging agency: NUST
- Transcribing agency: NUST
150 ## - HEADING--TOPICAL TERM
- Topical term or geographic name entry element: QS-9000 TOOLING AND EQUIPMENT CERTIFICATION.QS-9000(STANDARD). INDUSTRIAL EQUIPMENT-CERTIFICATION. MACHINE TOOLS-DESIGN AND CONSTRUCTION.
670 ## - SOURCE DATA FOUND
- Source citation: Work cat.: (NUST): Mouradian, George 64037, Handbook of qs-9000 , tooling and equipment certification, 2000
